Performer's rights in India (Record no. 2289)

MARC details
000 -LEADER
fixed length control field 01045nam a22001937a 4500
005 - DATE AND TIME OF LATEST TRANSACTION
control field 20090806114737.0
008 - FIXED-LENGTH DATA ELEMENTS--GENERAL INFORMATION
fixed length control field 090806t xxu||||| |||| 00| 0 eng d
080 ## - UNIVERSAL DECIMAL CLASSIFICATION NUMBER
Universal Decimal Classification number 347.78:026.06
Item number JAY
100 ## - MAIN ENTRY--PERSONAL NAME
Personal name Jayadevan S.Nair
245 ## - TITLE STATEMENT
Title Performer's rights in India
Remainder of title a study with special reference to the audiovisual industry(Thesis)
Statement of responsibility, etc Jayadevan S. Nair; guided by G. Sadasivan Nair
300 ## - PHYSICAL DESCRIPTION
Extent xi, 648p.
653 ## - INDEX TERM--UNCONTROLLED
Uncontrolled term Philosophy of performers rights - Thesis
-- Performers rights - U.K. -U.S.A. - France - European union - Thesis
-- Performers rights in audiovisuals
-- Audiovisual industry - India
700 ## - ADDED ENTRY--PERSONAL NAME
Personal name Sadasivan Nair, G, guided by
942 ## - ADDED ENTRY ELEMENTS (KOHA)
item type Theses
260 ## - PUBLICATION, DISTRIBUTION, ETC. (IMPRINT)
Place of publication, distribution, etc Kochi
Name of publisher, distributor, etc School of Legal Studies, CUSAT
Date of publication, distribution, etc 2006
500 ## - GENERAL NOTE
General note Thesis
260 ## - PUBLICATION, DISTRIBUTION, ETC. (IMPRINT)
-- 1874
Holdings
Lost status Source of classification or shelving scheme Not for loan Home library Current library Shelving location Date acquired Total Checkouts Full call number Barcode Date last seen Price effective from Koha item type
  Universal Decimal Classification   University Library University Library Reference 06/08/2009   347.78.033(540) JAY T G0008969 06/08/2009 06/08/2009 Theses
  Universal Decimal Classification   University Library University Library Reference 08/11/2011   347.78:033(540) JAY ; 1 T T0000162 08/11/2011 08/11/2011 Theses
University Library, CUSAT